Mýty a naděje digitálního světa : vše, co potřebujete vědět o kryptoměnách, umělé inteligenci a dalších převratných technologiích /
Digitální technologie se vyvíjejí překotným tempem a je čím dál těžší s nimi držet krok.
Uloženo v:
| Hlavní autor: | |
|---|---|
| Médium: | E-kniha |
| Jazyk: | Czech |
| Vydáno: |
V Brně :
Jan Melvil Publishing,
2022
|
| Vydání: | Vydání první |
| Edice: | Pod povrchem
|
| Témata: | |
| On-line přístup: | Plný text PDF (Bookport) |
| Tagy: |
Žádné tagy |
| LEADER | 02744nam a2200493 i 4500 | ||
|---|---|---|---|
| 001 | 311764 | ||
| 003 | CZ PrSKC | ||
| 005 | 20260601215711.0 | ||
| 007 | ta | ||
| 008 | 221124s2022 xr a e f 000 0 cze | ||
| 015 | |a cnb003473746 | ||
| 020 | |a 9788075551757 |q (brožováno) | ||
| 035 | |a (OCoLC)1369540567 | ||
| 040 | |a BOA001 |b cze |d ABA001 |e rda | ||
| 072 | 7 | |a 004 |x Počítačová věda. Výpočetní technika. Informační technologie |2 Konspekt | |
| 080 | |a 004-027.22 |2 MRF | ||
| 080 | |a 004.8 |2 MRF | ||
| 080 | |a 62:316.3 |2 MRF | ||
| 080 | |a (0.062) |2 MRF | ||
| 100 | 1 | |a Zandl, Patrick, |d 1974- |7 mzk2003203300 |4 aut | |
| 245 | 1 | 0 | |a Mýty a naděje digitálního světa : |b vše, co potřebujete vědět o kryptoměnách, umělé inteligenci a dalších převratných technologiích / |c Patrick Zandl |
| 250 | |a Vydání první | ||
| 264 | 1 | |a V Brně : |b Jan Melvil Publishing, |c 2022 | |
| 300 | |a 288 stran : |b ilustrace ; |c 23 cm | ||
| 336 | |a text |b txt |2 rdacontent | ||
| 337 | |a bez média |b n |2 rdamedia | ||
| 338 | |a svazek |b nc |2 rdacarrier | ||
| 490 | 1 | |a Pod povrchem | |
| 520 | 2 | |a Digitální technologie se vyvíjejí překotným tempem a je čím dál těžší s nimi držet krok. |b Při čtení knihy mimo jiné pochopíte: skutečný princip fungování kryptoměn, jejich možnosti a limity. Sami se pak můžete kvalifikovaněji rozhodnout, jestli do nich investovat. Jakou budoucnost mají další aplikace blockchainu - nahradí tzv. chytré smlouvy notáře? Proč umělá inteligence představuje revolučního pomocníka v medicíně či průmyslu, ale nebezpečný prvek v trestním systému. Jaké možnosti kontroly dává technologická revoluce vládám a jak funguje čínský systém sociálního kreditu. Nakladatelská anotace. Kráceno. | |
| 650 | 0 | 7 | |a digitální technologie |7 ph606726 |2 czenas |
| 650 | 0 | 7 | |a umělá inteligence |7 ph116536 |2 czenas |
| 650 | 0 | 7 | |a technika a společnost |7 ph764797 |2 czenas |
| 650 | 0 | 9 | |a digital technologies |2 eczenas |
| 650 | 0 | 9 | |a artificial intelligence |2 eczenas |
| 650 | 0 | 9 | |a technology and society |2 eczenas |
| 655 | 7 | |a populárně-naučné publikace |7 fd131864 |2 czenas | |
| 655 | 9 | |a popular works |2 eczenas | |
| 830 | 0 | |a Pod povrchem | |
| 856 | 4 | 0 | |u https://www.bookport.cz/kniha/myty-a-nadeje-digitalniho-sveta-11170/ |y Plný text PDF (Bookport) |4 N |
| 900 | |a ABA001 |b 19 | ||
| 044 | |a xr | ||
| 910 | |a RBIT002 | ||
| 998 | |d 364482 |a https://core.palmknihy.cz/api/books/364482/cover?rlqsj2 |b https://core.palmknihy.cz/api/books/364482/cover/400?rlqsj2 |c https://core.palmknihy.cz/api/books/364482/cover/50?rlqsj2 |e |g 288 |i 9788075551757 |j https://core.palmknihy.cz/api/books/364482/preview.epub |l |q 49 |r 1 |s https://www.palmknihy.cz/kniha/364482 |t ebook |y 2022 |z 0 | ||
| 999 | |d 311762 | ||